00000000cas 2200000zi 4500
0019.943613
003CaOODSP
00520260529125247
006m     o  d f      
007cr cn ||||||||
008240926c20259999oncar p o    f0###a0eng|d
022 |a2819-7313
040 |aCaOODSP|beng|erda|cCaOODSP
043 |an-cn---
0861 |aIu151-2E-PDF
1101 |aCanada. |bHousing, Infrastructure and Communities Canada, |eauthor, |eissuing body.
222 0|aAnnual report on the administration of the Privacy Act |b(Canada. Housing, Infrastructure and Communities Canada)
24510|aAnnual report on the administration of the Privacy Act / |cHousing, Infrastructure and Communities Canada.
264 1|a[Ottawa] : |bHousing, Infrastructure and Communities Canada = Logement, infrastructures et collectivités Canada, |c[2025]-
310 |aAnnual
336 |atext|btxt|2rdacontent
337 |acomputer|bc|2rdamedia
338 |aonline resource|bcr|2rdacarrier
3621 |aBegan with: 2024/2025.
500 |aIssued also in French under title: Rapport annuel sur l'administration de la Loi sur la protection des renseignements personnels.
588 |aDescription based on: 2024/2025; title from PDF cover page.
588 |aLatest issue consulted: 2024/2025.
61010|aCanada. |bHousing, Infrastructure and Communities Canada|vPeriodicals.
61010|aCanada. |tPrivacy Act|vPeriodicals.
650 0|aPrivacy, Right of|zCanada|vPeriodicals.
655 7|aPeriodicals|2lcgft
77508|tRapport annuel sur l'administration de la Loi sur la protection des renseignements personnels / |w(CaOODSP)9.943612
78000|t... annual report on the administration of the Privacy Act / |w(CaOODSP)9.900245